Normal view
MARC view
- Kamakura,Wagner A
Entry Personal Name
001 - CONTROL NUMBER
- control field: 1886
003 - CONTROL NUMBER IDENTIFIER
- control field: JO-AjAnu
005 - DATE AND TIME OF LATEST TRANSACTION
- control field: 20230606070619.0
008 - FIXED-LENGTH DATA ELEMENTS
- fixed length control field: 230606|| aca||aabn | a|a d
040 ## - CATALOGING SOURCE
- Original cataloging agency: JO-AjAnu
- Transcribing agency: JO-AjAnu
100 ## - HEADING--PERSONAL NAME
- Personal name: Kamakura,Wagner A
670 ## - SOURCE DATA FOUND
- Source citation: Work cat.: (JO-AjAnu)993: Kamakura,Wagner A, author, Wiley International Encyclopedia Of Marketing: Volume2 Marketing research